Algorithms : (Record no. 554)

MARC details
000 -LEADER
fixed length control field 00931cam a2200265 i 4500
001 - CONTROL NUMBER
control field 19024409
003 - CONTROL NUMBER IDENTIFIER
control field OSt
005 - DATE AND TIME OF LATEST TRANSACTION
control field 20250420134815.0
008 - FIXED-LENGTH DATA ELEMENTS--GENERAL INFORMATION
fixed length control field 160321s2015 ii a b 001 0 eng
010 ## - LIBRARY OF CONGRESS CONTROL NUMBER
LC control number 2016304653
020 ## - INTERNATIONAL STANDARD BOOK NUMBER
International Standard Book Number 9780199456666
Qualifying information (pbk.)
040 ## - CATALOGING SOURCE
Original cataloging agency DLC
Language of cataloging eng
Transcribing agency KCST
042 ## - AUTHENTICATION CODE
Authentication code pcc
050 00 - LIBRARY OF CONGRESS CALL NUMBER
Classification number QA9.58
Item number .B53 2015
082 00 - DEWEY DECIMAL CLASSIFICATION NUMBER
Classification number 518.1
Edition information 23
Item number Bh Al
100 1# - MAIN ENTRY--PERSONAL NAME
Personal name Bhasin, Harsh
Titles and words associated with a name (Assistant professor in computer science),
Relator term author.
9 (RLIN) 4908
245 10 - TITLE STATEMENT
Title Algorithms :
Remainder of title design and analysis /
Statement of responsibility, etc. Harsh Bhasin, assistant professor, Department of Computer Science, Jamia Hamdard, New Delhi.
260 ## - PUBLICATION, DISTRIBUTION, ETC.
Place of publication, distribution, etc. New Delhi, India :
Name of publisher, distributor, etc. Oxford University Press,
Date of publication, distribution, etc. 2015.
300 ## - PHYSICAL DESCRIPTION
Extent xxviii, 690 pages :
Other physical details illustrations ;
Dimensions 25 cm
504 ## - BIBLIOGRAPHY, ETC. NOTE
Bibliography, etc. note Includes bibliographical references (pages [681]-684) and index.
650 #0 - SUBJECT ADDED ENTRY--TOPICAL TERM
Topical term or geographic name entry element Algorithms.
9 (RLIN) 430
650 #0 - SUBJECT ADDED ENTRY--TOPICAL TERM
Topical term or geographic name entry element Algorithms
Form subdivision Problems, exercises, etc.
9 (RLIN) 4909
942 ## - ADDED ENTRY ELEMENTS (KOHA)
Koha item type Book
942 ## - ADDED ENTRY ELEMENTS (KOHA)
Source of classification or shelving scheme Dewey Decimal Classification
Holdings
Withdrawn status Lost status Source of classification or shelving scheme Damaged status Not for loan Home library Current library Date acquired Cost, normal purchase price Total checkouts Full call number Barcode Date last seen Price effective from Koha item type
    Dewey Decimal Classification     KCST Library KCST Library 05/08/2020 21.76   518.1 Bh Al 1000000582 05/08/2020 05/08/2020 Book
© 2025 KCST. All rights reserved